Представление документа в формате MARC21

Поле Инд. ПП Название Значение
Тип записи a
Библиографический уровень m
001 Контрольный номер RU/IS/BASE/264546333
005 Дата корректировки 20250522120442.9
008 Кодируемые данные 19971126
040 00 e Правила каталог. Л 971126
084 a Индекс другой классификации/Индекс ББК 84(4Эст)6; 84(4Эст)6-44
090 00 a Полочн. индекс 84(4Эст)6
x Авторский знак Т 177
097 00 a 230
100 10 a Автор Таммсааре А.
q Полное имя Таммсааре Антон
u Дополнение к имени Ханзен А.
245 00 a Заглавие Собрание сочинений
b Продолж. заглавия перевод с эстонского: в 6 т.
n Номер части/ раздела Т.4.Кн.5
p Название части/ раздела Возвращение
246 00 a Другая форма заглавия Правда и справедливость
260 00 a Место издания Москва
b Издательство Художественная литература
c Дата издания 1966
300 00 a Объем 373 с.
336 a Термин вида содержания Текст
337 a Термин типа средства непосредственный
505 a Форматированное содержание Возвращение
650 a Основная рубрика художественная литература
653 00 a Ключевые слова XX век
a Ключевые слова Эстония
a Ключевые слова эстонская литература
655 00 a Жанр/ форма (устаревшее) проза
a Жанр/ форма (устаревшее) роман
901 t Тип документа m
952 a Тип литературы для КСУ ВШ ЛХИ